000 00304cam a2200109ua 4500
082 _a338.476 655
_bYER/IN
100 _aYershev, Y .
_91795
245 _aIndia Swathanthriyavum Ennayum /
260 _aKottayam :
_bPrabhatham Printing and Publishing Co. Pvt. Ltd. ,
_c1966.
300 _a403 ; .
942 _cBK
999 _c966
_d966